000 00579nam a22001697a 4500
005 20231024105358.0
008 231024b |||||||| |||| 00| 0 eng d
020 _a9789991608075
041 _aEnglish
082 _a347.1 IND
100 _aThe Independence of the Judiciary in Namibia /
_lEnglish
245 _aThe Independence of the Judiciary in Namibia /
_cedited by Nico Horn & Anton Bosl
260 _aWindhoek :
_bMacmillan Education Namibia,
_c2008
300 _b325 pages ;
_c24.7 cm.
650 _aLegal Practice
_bLaw
942 _cBK
_6ALISON_B_N__VRIES
999 _c23
_d23